000 02284nam a2200553 i 4500
001 15139
003 KOSZ 005
005 20210806123935.0
008 200402s1972 pl a g 000 0 pol
015 _aUWD 1972/4059
035 _a991041116949705066
035 _a(PL-WaBN)b20978455-48omnis_nlop
035 _ab20978455
035 _a(OCoLC)833014929
035 _a(PL)b0000002097845
035 _a(EXLNZ-48OMNIS_NETWORK)9910497811105606
040 _aWA N
_cWA N
_dKOSZ 005/RW
_dKOSZ 005/HR
041 0 _apol
_beng
_brus
046 _k1972
080 _a72(438)
245 0 0 _aZ badań architektury Śląska /
_c[redakcja naukowa Jerzy Rozpędowski].
260 _aWrocław :
_bWydawnictwo Politechniki Wrocławskiej :
_bPaństwowe Wydawnictwo Naukowe,
_c1972.
300 _a115 stron :
_bilustracje, mapy ;
_c24 cm.
336 _aTekst
_btxt
_2rdacontent
337 _aBez urządzenia pośredniczącego
_bn
_2rdamedia
338 _aWolumin
_bnc
_2rdacarrier
380 _aKsiążki
380 _aPublikacje naukowe
388 _a1901-2000
388 _a1945-1989
490 1 _aPrace Naukowe Instytutu Historii i Architektury, Sztuki i Techniki Politechniki Wrocławskiej. Studia i Materiały,
_x0324-9654 ;
_vnr 1
500 _aNumeracja serii głównej: nr 2.
504 _aBibliografia przy pracach.
546 _aStreszczenia w języku angielskim i rosyjskim.
650 7 _aBudownictwo
651 7 _aDolny Śląsk
655 7 _aArchitektura niemiecka
655 7 _aArchitektura polska
658 _aHistoria
658 _aArchitektura i budownictwo
700 1 _aRozpędowski, Jerzy
_d(1929-2012)
_eRedakcja
710 2 _aOficyna Wydawnicza Politechniki Wrocławskiej
_4pbl
710 2 _aPaństwowe Wydawnictwo Naukowe
_4pbl
830 0 _aPrace Naukowe Instytutu Histori i Architektury, Sztuki i Techniki Politechniki Wrocławskiej ;
_vnr 2
830 0 _aPrace Naukowe Instytutu Histori i Architektury, Sztuki i Techniki Politechniki Wrocławskiej.
_pStudia i Materiały
_vnr 1
856 _uhttp://koha.tu.koszalin.pl/cgi-bin/koha/opac-detail.pl?biblionumber=15139
_yKatalog online BPK
942 _2UKD
_cKS
999 _c15139
_d15139